00567nam a2200169Ia 4500003000900000008004100009020002200050040001600072080001600088100002600104245014900130260004800279300001600327650002600343650002000369650000800389IN-BaIIA211028s9999 xx 000 0 eng d a978-1-107-09047-7 cIIA Library a523.98bHEL aSchrijver, Carolus J. 0aHeliophysicsbactive stars, their astrospheres and impacts on planetary environmentscCarolus J. Schrijver  aCambridgebCambridge University Pressc2016 axiii, 383p. aSolar magnetic fields aSolar radiation aSun